000 00326nam a2200121Ia 4500
008 210430s9999 xx 000 0 und d
082 _a510B6621 M
100 _aMaru L.Boas
245 _aMathematical Methods in The Physical Science
_cMaru L.Boas
260 _aIslamabad
_bRoohania
_c2006
300 _a839p
942 _cBK
_2ddc
999 _c563128
_d563128